000 00350nam a2200145Ia 4500
008 191201s2011 xx 000 0 und d
082 _a658.5
_bMAP
100 _aMADAN, Pankaj
245 0 _aProduction and Operations Management
250 _a1st
260 _aN. Delhi
_bGlobal Vision pub
_c2011
300 _a698
650 _aBBA
942 _2ddc
_cBK
999 _c4985
_d4985